Hitos (Registro nro. 91634)
[ vista simple ]
| 000 -ENCABEZADO | |
|---|---|
| Número de control [NR] | 01078nam a22002897a 4500 |
| 008 - DE LONGITUD FIJA DE DATOS DE ELEMENTOS - INFORMACIÓN GENERAL | |
| Elementos de longitud fija [NR] | 130821s2001 sp gr spa |
| 020 ## - NUMERO INTERNACIONAL NORMALIZADO PARA LIBROS [R] | |
| Número Internacional Normalizado del libro [NR] | 8420667498 |
| 040 ## - FUENTE DE CATALOGACION [NR] | |
| Agencia de catalogación original [NR] | Co-BoUCM |
| Idioma de catalogación [NR] | spa |
| 041 00 - CODIGO DE IDIOMA [R] | |
| Código de idioma para texto/pista de sonido o título separado [R] | Español |
| 100 1# - ASIENTO PRINCIPAL--NOMBRE PERSONAL [NR] | |
| Nombre personal [NR] | Heidegger, Martin |
| Fechas asociadas con el nombre [NR] | 1889-1976 |
| ID Autoridad | 51143 |
| 245 10 - MENCION DE TITULO [NR] | |
| Título [NR] | Hitos |
| Mención de responsabilidad, etc. [NR] | Martin Heidegger ; versión castellana Helena Cortés y Arturo Leyte. |
| 260 ## - PUBLICACION, DISTRIBUCION, ETC. (PIE DE IMPRENTA) [R] | |
| Lugar de publicación, distribución, etc. [R] | Madrid (España) |
| Nombre del editor, distribuidor, etc. [R] | Alianza Editorial |
| Fecha de publicación, distribución, etc. [R] | 2001 |
| 300 ## - DESCRIPCION FISICA [R] | |
| Extensión [R] | 392 páginas |
| 490 ## - MENCION DE SERIE [R] | |
| Mención de serie [R] | El Libro Universitario |
| 490 ## - MENCION DE SERIE [R] | |
| Mención de serie [R] | Filosofía y Pensamiento. |
| -- | Ensayo |
| -- | 146 |
| 504 ## - NOTA DE BIBLIOGRAFIA, ETC. [R] | |
| Nota de bibliografía, etc. [NR] | |
| 650 04 - ASIENTO SECUNDARIO DE MATERIA - TERMINO TEMATICO [R] | |
| Término temático o nombre geográfico como elemento de entrada [NR] | Fenomenología |
| Subdivisión de forma [R] | Ensayos, conferencias, etc. |
| 9 (RLIN) | 15640 |
| 650 04 - ASIENTO SECUNDARIO DE MATERIA - TERMINO TEMATICO [R] | |
| Término temático o nombre geográfico como elemento de entrada [NR] | Filosofía alemana |
| Subdivisión de forma [R] | Ensayos, conferencias, etc. |
| 9 (RLIN) | 201 |
| 650 04 - ASIENTO SECUNDARIO DE MATERIA - TERMINO TEMATICO [R] | |
| Término temático o nombre geográfico como elemento de entrada [NR] | Filosofía |
| 9 (RLIN) | 75 |
| 650 04 - ASIENTO SECUNDARIO DE MATERIA - TERMINO TEMATICO [R] | |
| Término temático o nombre geográfico como elemento de entrada [NR] | Humanismo |
| Subdivisión de forma [R] | Ensayos, conferencias, etc. |
| 9 (RLIN) | 102687 |
| 650 04 - ASIENTO SECUNDARIO DE MATERIA - TERMINO TEMATICO [R] | |
| Término temático o nombre geográfico como elemento de entrada [NR] | Metafísica |
| Subdivisión de forma [R] | Ensayos, conferencias, etc. |
| 9 (RLIN) | 19397 |
| 700 1# - ASIENTO SECUNDARIO - NOMBRE PERSONAL [R] | |
| Nombre personal [NR] | Cortés Gabaudan, Helena |
| Fechas asociadas con el nombre [NR] | 1962- |
| Término de relación [R] | |
| 9 (RLIN) | 171698 |
| 700 1# - ASIENTO SECUNDARIO - NOMBRE PERSONAL [R] | |
| Nombre personal [NR] | Leyte Coello, Arturo |
| Fechas asociadas con el nombre [NR] | 1956- |
| Término de relación [R] | |
| 9 (RLIN) | 171699 |
| 765 ## - ASIENTO DE IDIOMA ORIGINAL [R] | |
| Título [NR] | Wegmarken |
| 942 ## - ELEMENTOS DE ENTRADA AGREGADOS (KOHA) | |
| Tipo de ítem principal el descrito en 300a | Libro |
| Tema principal | Filosofía |
| Edición | 1 |
| Parte restante de la signatura top. | H465h |
| Sistema de clasificación | DEWEY |
| Clasificación | 193 |
| Fecha de último préstamo | Total préstamos | Total Renewals | Signatura topográfica | Código de barras | Última vez visto | Ejemplar | Price effective from | Tipo de ítem | Perdido | Sistema de clasificación | Dañado | No prestable | Tipo de ítem específico | Suprimido | Ubicación habitual | Ubicación actual | Localización | Fecha de creación | Forma de adquisición | Costo |
|---|---|---|---|---|---|---|---|---|---|---|---|---|---|---|---|---|---|---|---|---|
| 12/09/2025 | 16 | 3 | 193 H465h | 100069429 | 17/03/2026 | Ej.1 | 03/02/2013 | Libro | DEWEY | Libro | Claustro | Claustro | 2do piso | 28/02/2004 | Compra | 134609.00 |